The government has its hands full (Record no. 81253)
[ view plain ]
| 000 -LEADER | |
|---|---|
| fixed length control field | 01277cab a22002295a 4500 |
| 001 - CONTROL NUMBER | |
| control field | L146700 |
| 008 - FIXED-LENGTH DATA ELEMENTS--GENERAL INFORMATION | |
| fixed length control field | 090218e20090214xxka f g 000 0 eng d |
| 035 ## - SYSTEM CONTROL NUMBER | |
| System control number | (Sirsi) u146700 |
| 041 0# - LANGUAGE CODE | |
| Language code of text/sound track or separate title | eng |
| 100 1# - MAIN ENTRY--PERSONAL NAME | |
| Personal name | Goodwin, Oliver |
| 245 04 - TITLE STATEMENT | |
| Title | The government has its hands full |
| 260 ## - PUBLICATION, DISTRIBUTION, ETC. | |
| Date of publication, distribution, etc. | 2009 |
| 490 ## - SERIES STATEMENT | |
| Series statement | Estates Gazette |
| Volume/sequential designation | (0906) 14 February 2009, 92-93(2) |
| 520 ## - SUMMARY, ETC. | |
| Summary, etc. | Article on the Planning Act 2008 looks specifically at the Community Infrastructure Levy (CIL) and looks at the choice made available to local authorities to choose between this and existing S106 agreements. The authors also discuss the new Infrastructure Planning Commission (IPC) and consultations on the forthcoming set of national policy statements on planning. Their commentary suggests that the introduction of the CIL and the IPC will introduce more timely and predictable decisions on strategic planning matters, although environmentalists may claim that this new found speed is at the expense of reasoned debate. |
| 590 ## - LOCAL NOTE (RLIN) | |
| Local note | KA |
| 650 24 - SUBJECT ADDED ENTRY--TOPICAL TERM | |
| Topical term or geographic name entry element | PLANNING ACT 2008 |
| 650 24 - SUBJECT ADDED ENTRY--TOPICAL TERM | |
| Topical term or geographic name entry element | TOWN AND COUNTRY PLANNING ACT 1990 S106 |
| 651 #4 - SUBJECT ADDED ENTRY--GEOGRAPHIC NAME | |
| Geographic name | England and Wales |
| Chronological subdivision | 1543- |
| 690 ## - LOCAL SUBJECT ADDED ENTRY--TOPICAL TERM (OCLC, RLIN) | |
| Topical term or geographic name as entry element | ENVIRONMENTAL AND LAND CONSULTANCY-PLANNING AND DEVELOPMENT-PLANNING GUIDANCE |
| 700 1# - ADDED ENTRY--PERSONAL NAME | |
| Personal name | Bale, Jade |
| 942 ## - ADDED ENTRY ELEMENTS (KOHA) | |
| Suppress in OPAC | 0 |
| Withdrawn status | Lost status | Source of classification or shelving scheme | Damaged status | Not for loan | Home library | Current library | Shelving location | Date acquired | Total Checkouts | Full call number | Barcode | Date last seen | Copy number | Price effective from | Koha item type |
|---|---|---|---|---|---|---|---|---|---|---|---|---|---|---|---|
| Dewey Decimal Classification | London | London | Journal article | 18/02/2009 | L146700 | 146700-1001 | 06/08/2019 | 1 | 06/08/2019 | Journal article |